000 00387nam a2200145Ia 4500
008 090124s9999 xx 000 0 und d
082 _b301523
245 _a कांचन गंगा
250 _a1
260 _bदिघे प्रभाकर
_c1985
300 _a306
630 _a कांचन गंगा
730 _a कांचन गंगा
942 _cBOOK
999 _c191098
_d191098